Statistics for Save the last dance for me - Michael Bublé, lyrics

Click here to take the quiz!

General Stats

  • This quiz has been taken 13 times
  • The average score is 208 of 293

Answer Stats

Answer% Correct
Can
100%
Dance
100%
The
100%
Who
100%
You
100%
And
90%
For
90%
I
90%
Last
90%
Me?
90%
Me
90%
Me!
90%
Save
90%
With
90%
Your
90%
Be
80%
But
80%
Go
80%
Hold
80%
In
80%
You’re
80%
Arms
70%
Darlin’
70%
Darling
70%
Every
70%
Give
70%
Gonna
70%
Him
70%
Man
70%
On
70%
So
70%
Tight
70%
To
70%
Who’s
70%
Baby
60%
Don’t
60%
Eye
60%
Forget
60%
Gives
60%
Guy
60%
Hand
60%
Have
60%
He
60%
Home
60%
If
60%
It
60%
Know
60%
Let
60%
Light
60%
Night
60%
Oh
60%
Ooh
60%
Smile
60%
Takin’
60%
That
60%
When
60%
Whose
60%
Can’t
50%
Love
50%
Moon
50%
Much
50%
No
50%
Pale
50%
We
50%
Anyone
40%
‘Cause
40%
Feel
40%
Fun
40%
Heart
40%
Held
40%
Is
40%
Laugh
40%
Music’s
40%
‘Neath
40%
Sing
40%
Time
40%
Touch
40%
We’re
40%
Won’t
40%
All
30%
Alone
30%
Apart
30%
Asks
30%
Carry
30%
Fine
30%
Gone
30%
It’s
30%
Like
30%
Must
30%
Sparklin’
30%
Tell
30%
Very
30%
Walk
30%
While
30%
Will
30%
Wine
30%
Make
20%
Never
20%
Or
20%
‘Til
20%
Promise
10%
You’ll
10%

Score Distribution

Percentile by Number Answered

Percent of People with Each Score

Your Score History

You have not taken this quiz